| 000 | 00409nam a2200181Ia 4500 | ||
|---|---|---|---|
| 001 | 4532 | ||
| 005 | 20260306145803.0 | ||
| 008 | 260306t1988||||xx |||||||||||||| ||spa|| | ||
| 041 | _aESP | ||
| 082 |
_a324.204 _bR81 |
||
| 100 |
_aRomero, Emilio _eAUT |
||
| 245 | 0 | _aChispas, chispazos | |
| 260 | _c1988 | ||
| 300 |
_a217 páginas : _c21 cm. |
||
| 650 | _aGEN | ||
| 654 | _aCHU | ||
| 942 |
_cLIB _dJUS _fJUS _2ddc _n |
||
| 999 |
_c4532 _d4532 |
||